The nature and sources of the law /

Bibliographic Details
Main Author: Gray, John Chipman, 1839-1915
Other Authors: Gray, Roland, 1874-1957
Format: Book
Language:English
Published: Gloucester, Mass. : Peter Smith, 1972.
Edition:2d ed.
Subjects:

MARC

Tag First Indicator Second Indicator Subfields
LEADER 00000cam a2200000 4500
001 in00000288621
005 20151010073608.0
008 731204r1972 mau b 00110 eng u
035 |a (OCoLC)00754132 
035 |9 ABF1124AM 
040 |c FEM  |d TXA  |d UtOrBLW 
049 |a TXAM  |c [1419691] 
090 |a K212  |b .G7 1972 
100 1 |a Gray, John Chipman,  |d 1839-1915. 
245 1 4 |a The nature and sources of the law /  |c by John Chipman Gray. 
250 |a 2d ed.  |b from the author's notes, by Roland Gray. 
264 1 |a Gloucester, Mass. :  |b Peter Smith,  |c 1972. 
300 |a xviii, 348 pages ;  |c 22 cm. 
336 |a text  |b txt  |2 rdacontent 
337 |a unmediated  |b n  |2 rdamedia 
338 |a volume  |b nc  |2 rdacarrier 
500 |a First published in 1909; new and revised edition, 1921. Published by Beacon Press in 1963; reprinted in 1972. 
650 0 |a Law. 
650 0 |a Jurisprudence. 
700 1 |a Gray, Roland,  |d 1874-1957. 
999 |a MARS 
999 f f |s b5f8291a-aec1-3927-ade5-648b47bc9269  |i af24b5c8-1cdc-3a5c-8fc9-07b720c1daa6  |t 0 
952 f f |p ric  |a Texas A&M University  |b Rellis Campus  |c Joint Library Facility  |d Remote Storage  |t 0  |e K212 .G7 1972  |h Library of Congress classification  |i unmediated -- volume  |m A14803148587 
998 f f |a K212 .G7 1972  |t 0  |l Remote Storage